000 00781nam a2200229 a 4500
001 63664
003 BD-RjUL
005 20211209081224.0
008 170202s2006 ii a|||| |||| 00| 0 ben d
020 _a9843225686
_c: TK 75.00
035 _a(BD-RjUL)63793
040 _aBD-RjUL
_bben
_cBD-RjUL
041 _aben
082 _223
_a891.443
_bFAM 2006
100 _aফজিলাতুনিনেসা
_9188176
245 1 0 _aমন্দ্রিত মধ্যম /
_cফজিলাতুননেসা
260 _aঢাকা :
_bবর্ষা,
_c২০০৬
300 _a৮০ পৃ. :
_bচিত্র ;
_c২১ সেমি.
650 _aবাংলা উপন্যাস
_9170454
650 _aBengali Fictions
_9170515
942 _2ddc
_cBK
999 _c63664
_d63664